[Event "EGY-ch Masters"]
[Site "Cairo"]
[Date "2009.11.23"]
[Round "8.1"]
[White "Elgabry, Mohsen"]
[Black "Fouad, Abo Bakr"]
[Result "1-0"]
[WhiteElo "2333"]
[BlackElo "2036"]
[PlyCount "63"]
[EventDate "2009.11.15"]
[EventType "swiss"]
[EventRounds "8"]
[EventCountry "EGY"]
[SourceTitle "EXT 2024"]
[Source "ChessBase"]
[SourceDate "2023.10.10"]
[SourceVersion "1"]
[SourceVersionDate "2023.10.10"]
[SourceQuality "1"]

1. Nf3 d5 2. g3 Nf6 3. Bg2 Bf5 4. 0-0 e6 5. c4 c6 6. d4 h6 7. Nc3 Be7 8. Qb3 Qb6 9. c5 Qa6 10. h3 Nbd7 11. g4 Bh7 12. Bf4 h5 13. g5 Ne4 14. h4 b6 15. cxb6 axb6 16. Nd2 Nxd2 17. Bxd2 0-0 18. e4 Rfc8 19. Rfe1 dxe4 20. Nxe4 Qa4 21. Qe3 c5 22. Bc3 cxd4 23. Bxd4 Bc5 24. Rad1 Rab8 25. Nxc5 bxc5 26. Bc3 Kh8 27. g6 fxg6 28. Qxe6 Rc7 29. Qf7 Rg8 30. b3 Qg4 31. f3 Ne5 32. Qxg7+ 1-0

[Event "EGY-ch Masters"]
[Site "Cairo"]
[Date "2009.11.22"]
[Round "7.1"]
[White "Fouad, Abo Bakr"]
[Black "Tork, Mohamed"]
[Result "1-0"]
[WhiteElo "2036"]
[BlackElo "2122"]
[PlyCount "47"]
[EventDate "2009.11.15"]
[EventType "swiss"]
[EventRounds "8"]
[EventCountry "EGY"]
[SourceTitle "EXT 2024"]
[Source "ChessBase"]
[SourceDate "2023.10.10"]
[SourceVersion "1"]
[SourceVersionDate "2023.10.10"]
[SourceQuality "1"]

1. d4 d5 2. c4 c6 3. Nf3 Nf6 4. Nc3 dxc4 5. a4 Nd5 6. e4 Nxc3 7. bxc3 b5 8. Ne5 g6 9. axb5 cxb5 10. Qf3 f6 11. Nxc4 Qc7 12. Bf4 e5 13. Nxe5 Qb6 14. Rb1 a6 15. Nc4 Qa7 16. Nd6+ Bxd6 17. Bxd6 Nd7 18. Bd3 Bb7 19. 0-0 Qb6 20. Qg3 Rc8 21. e5 f5 22. Bxf5 Rc4 23. Be6 Rc6 24. Qf4 1-0

[Event "Egypt op"]
[Site "Egypt"]
[Date "2009.07.22"]
[Round "3"]
[White "Abdel Rahman, Alla"]
[Black "Fouad, Abo Bakr"]
[Result "1-0"]
[WhiteElo "2189"]
[BlackElo "2055"]
[PlyCount "51"]
[EventDate "2009.07.20"]
[EventType "swiss"]
[EventRounds "9"]
[EventCountry "EGY"]
[SourceTitle "EXT 2011"]
[Source "ChessBase"]
[SourceDate "2010.11.26"]
[SourceVersion "1"]
[SourceVersionDate "2010.11.26"]
[SourceQuality "1"]

1. Nf3 Nf6 2. c4 c5 3. Nc3 Nc6 4. g3 e6 5. Bg2 Be7 6. 0-0 d5 7. cxd5 exd5 8. d4 cxd4 9. Nxd4 0-0 10. Be3 Be6 11. Qa4 Qd7 12. Nxe6 Qxe6 13. Rad1 Rfd8 14. Rd3 Ne5 15. Rdd1 Nc6 16. Rd3 Rd7 17. Rfd1 Rad8 18. a3 b6 19. Bg5 Ng4 20. Bxd5 Qf5 21. Bf4 Nce5 22. h3 Nf6 23. g4 Nfxg4 24. hxg4 Qxg4+ 25. Bg3 Qh5 26. Bxe5 1-0